000
00256nam a22001097a 4500
008
160520b xxu||||| |||| 00| 0 eng d
020
_a
0130408131
041
_a
eng
080
_a
316.77
245
_a
Understanding movies:
_c
Loius Giannetti;
942
_2
udc
_c
BK
999
_c
2297
_d
2297